000
00331nam a2200121Ia 4500
008
171205s9999 xx 000 0 und d
020
_a
9781259094927
100
_a
Kottak, Conrad Phillip
245
_a
Anthropology Appreciating Human Diversity
250
_a
6th ed.
260
_b
McGraw-Hill Education
_c
2015
300
_a
545 pages
999
_c
347411
_d
347411